00569cam a22001931 4500001001300000003000400013005001700017008004100034010001700075035002000092040001800112042001200130050001700142100002700159245008100186260007300267300001800340999001700358ca 36000171 DLC20260227111140.0881115s1936 mau 000 0 eng  aca 36000171  a(OCoLC)18763123 aDLCcRPBdDLC apremarc00aBV2086b.E351 aEckardt, Frances Dyer.14aThe kingdom of God;ba missionary play in one act,cby Frances Dyer Eckardt. aBoston, Mass.,aLos Angeles, Cal.b[Walter H. Baker Company,cc1936] a26 p.c19 cm. c18018d18018